| 000 | 00000nes 2200000za 4500 |
| 001 | 9.511439 |
| 003 | CaOODSP |
| 005 | 20251128094557 |
| 006 | s|| m f0 | |
| 007 | aj |a||| |
| 008 | 150406c2007||||xxc|||| b##f | fre|d |
| 040 | |aCaOODSP|bfre |
| 041 | |aeng |
| 041 | |afre |
| 043 | |an-cn--- |
| 086 | 1 |aM48 |
| 110 | 2 |aCommission géologique du Canada. |
| 245 | 10|aCarte série "A" |h[document cartographique] |
| 260 | |aOttawa - Ontario : |bRessources naturelles Canada. |c2007--. |
| 310 | |aIrrégulier |
| 362 | 1 |a900A-- |
| 775 | 08|tCarte série "A" |w(CaOODSP)9.513396 |
| 775 | 08|t"A" series map |w(CaOODSP)9.515061 |
| 791 | |t"A" series map |eeng|w(CaOODSP)9.511438 |